Statistiques concernant Culture Générale - Série 1407

Cliquez ici pour prendre le quiz!

Statistiques générales

  • Ce quiz a été pris 66 fois
  • Le résultat moyen est 6 sur 10

Statistiques - réponses

Question Réponse % Correct
Quelles sont les deux lettres qui forment le symbole chimique de l'argent ?Ag
93%
De quel pays est originaire l'alcool appelé tequila ?Mexique
93%
Sous quel nom connaît-on mieux l'acteur Fernand Contandin ?Fernandel
82%
La CEE a été instituée en 1957 par l'Italie, la Belgique, la République fédérale d'Allemagne, la France, les Pays-Bas et le ...Luxembourg
80%
Quelle ville française s'appelait autrefois "Burdigala" ?Bordeaux
72%
À quel pays appartient l'équipe de football des "Fennecs" ?Algérie
65%
En 399 avant Jésus-Christ, quel philosophe grec a été condamné à mort pour impiété et corruption de la jeunesse ?Socrate
58%
Dans quel département français se situent les monts d'Arrée ?Finistère
38%
Avec qui Elsa interpréta-t-elle en duo la chanson : "Un Roman d'amitié", en 1988 ?Glenn Medeiros
13%
Dans quel film Fernandel doit-il endurer le “supplice de la chèvre” ?François Ier
10%

Distribution des résultats

Percentile par nombre de réponses

% des personnes avec chaque résultat

Votre développement - résultats

Vous n’avez pas pris ce quiz